| 000 | 01182nam a22003497a 4500 | ||
|---|---|---|---|
| 003 | CHAP | ||
| 005 | 20220329135313.0 | ||
| 008 | 971013s1986 r 00010 d | ||
| 010 | _a34108 | ||
| 011 | _a35080 | ||
| 035 | _a39196 | ||
| 040 | _cCHAP | ||
| 090 | _aTesis | ||
| 100 | 0 | 0 |
_aMendoza Castillo, María del Carmen. _974624 |
| 245 | _aFisiología, frecuencia estomatal e índice estomático en dos genotipos de maíz (Zea mays L.) | ||
| 260 |
_aChapingo, Méx. : _bEl autor, _c1986 |
||
| 300 |
_a124 h. _b; gráfs |
||
| 502 | _aTesis (M.C. Esp. en Genética) -- CP. Centro de Genética | ||
| 590 |
_aALEPH _b10 _c20130110 _lUCH01 _h1259 |
||
| 590 |
_aBATCH-UPD _b10 _c20130110 _lUCH01 _h0838 |
||
| 590 |
_aBATCH-UPD _b10 _c20130410 _lUCH01 _h0516 |
||
| 590 |
_aBATCH-UPD _b10 _c20130914 _lUCH01 _h1327 |
||
| 590 |
_aCONVERSION _b10 _c20130109 _lUCH01 _h1319 |
||
| 650 | 1 | 4 |
_aEstomas. _938345 |
| 650 | 1 | 4 |
_aMaíz _xFisiología y morfología. _970958 |
| 650 | 1 | 4 |
_aMaíz _xGenética. _970963 |
| 650 | 1 | 4 |
_aMaíz _xMejoramiento. _971006 |
| 901 | _aBK | ||
| 942 | _cFOLL | ||
| 949 |
_bBC _cTES _d-89458 _eTS1 _h18116 _i39196 _si |
||
| 949 |
_bBC _cTES _d-89460 _eTS2 _fc.2 _h18117 _i39196 _si |
||
| 999 |
_c34108 _d34108 |
||